| 000 | 00464nam a2200133Ia 4500 | ||
|---|---|---|---|
| 008 | 170516s9999 xx 000 0 und d | ||
| 245 | _aSyntrophic microbial communities on straw as biofilm carrier increase the methane yield of a biowaste-digesting biogas reactor | ||
| 260 | _bAIMS Bioengineering | ||
| 260 | _c2015 | ||
| 300 | _a:3 | ||
| 650 | _xMedical Technology | ||
| 650 | _xMedtech | ||
| 856 | _uhttp://www.aimspress.com/journal/Bioengineering/2015/3.html | ||
| 999 |
_c330803 _d330803 |
||